| 000 | 00551nam a2200193 a 4500 | ||
|---|---|---|---|
| 005 | 20140310183157.0 | ||
| 008 | 021014s19uu xx 00 eng d | ||
| 020 | _a9812359311 | ||
| 050 |
_aQA 76 _b.B397 2000 |
||
| 100 | _aBeckman, George | ||
| 245 |
_aComputer confluence : _bexploring tomorrow's technology / _cGeorge Beckman. |
||
| 260 |
_aSingapore : _bPearson Education, _c2000. |
||
| 300 |
_a487 p. : _bill. ; _c24 cm. |
||
| 521 | _aIT | ||
| 650 | _aComputers | ||
| 650 | _aInformation technology | ||
| 942 |
_cBK _2lcc _kFOR |
||
| 999 |
_c19791 _d19791 |
||